00432nam a2200181 a 4500001001300000003000900013005001700022008004100039020001000080082001300090100001900103245001900122260002800141300000900169500003500178650001800213700001900231nice12345678IN_TiNIC20260116011822.0050524s1932 egya grp 000 0 ara  ac10000a244bTAY aTaylor, Havard aQissa Sir Lulu aEgyptbNile Pressc1932 a193p aincludes index and biblioraphy aBible Stories1 aTaylor, Havard